Every NXT/NXT UK TakeOver Match - Part 1 - Statistics

General Stats
  • This quiz has been taken 22 times
  • The average score is 318 of 500
Answer Stats
TakeOver Championship/More Stipulation Wrestler Managers % Correct
NXT TakeOver: WarGames WarGames Match Adam Cole
100%
NXT TakeOver: Philadelphia Extreme Rules Match Adam Cole
100%
NXT TakeOver: New Orleans Inaugural NXT North American Championship Ladder Match Adam Cole
100%
NXT TakeOver: Brooklyn 4 NXT North American Championship Singles Match Adam Cole
100%
NXT TakeOver: New York (Vacant) NXT Championship 2-Out-Of-3 Falls Match Adam Cole
100%
NXT TakeOver: XXV NXT Championship Singles Match Adam Cole
100%
NXT TakeOver: Fatal-4-Way NXT Women's Championship Singles Match Bayley
100%
NXT TakeOver: Rival NXT Women's Championship Fatal-4-Way Match Bayley
100%
NXT TakeOver: Unstoppable Tag Team Match Bayley
100%
NXT TakeOver: Brooklyn NXT Women's Championship Singles Match Bayley
100%
NXT TakeOver: Respect NXT Women's Championship 30-Minute Iron Man Match Bayley
100%
NXT TakeOver: London NXT Women's Championship Singles Match Bayley
100%
NXT TakeOver: Dallas NXT Women's Championship Singles Match Bayley
100%
NXT TakeOver: Brooklyn II NXT Women's Championship Singles Match Bayley
100%
NXT TakeOver (Vacant) NXT Women's Championship Singles Match Charlotte w/Ric Flair
100%
NXT TakeOver: Fatal-4-Way NXT Women's Championship Singles Match Charlotte
100%
NXT TakeOver: R Evolution NXT Women's Championship Singles Match Charlotte
100%
NXT TakeOver: Rival NXT Women's Championship Fatal-4-Way Match Charlotte
100%
NXT TakeOver: Unstoppable Tag Team Match Charlotte
100%
NXT TakeOver: Brooklyn DARK MATCH/PRE SHOW Fatal-4-Way Match Charlotte
100%
NXT TakeOver: Brooklyn II NXT Tag Team Championships Tag Team Match Johnny Gargano
100%
NXT TakeOver: Brooklyn III Singles Match Johnny Gargano
100%
NXT TakeOver: WarGames WWE United Kingdom Championship Singles Match Johnny Gargano
100%
NXT TakeOver: Philadelphia NXT Championship Singles Match Johnny Gargano
100%
NXT TakeOver: New Orleans Unsanctioned Match Johnny Gargano
100%
NXT TakeOver: Chicago II Chicago Street Fight Johnny Gargano
100%
NXT TakeOver: Brooklyn 4 NXT Championship Last Man Standing Match Johnny Gargano
100%
NXT TakeOver: WarGames II Singles Match Johnny Gargano
100%
NXT TakeOver: New York (Vacant) NXT Championship 2-Out-Of-3 Falls Match Johnny Gargano
100%
NXT TakeOver: XXV NXT Championship Singles Match Johnny Gargano
100%
NXT TakeOver #1 Contenders for the NXT Championship Singles Match Sami Zayn
100%
NXT TakeOver: Fatal-4-Way NXT Championship Fatal-4-Way Match Sami Zayn
100%
NXT TakeOver: R Evolution NXT Championship Singles Match - If Challenger loses he leaves NXT Sami Zayn
100%
NXT TakeOver: Rival NXT Championship Singles Match Sami Zayn
100%
NXT TakeOver: Unstoppable NXT Championship Singles Match Sami Zayn
100%
NXT TakeOver: London DARK MATCH/PRE SHOW Singles Match Sami Zayn
100%
NXT TakeOver: Dallas Singles Match Sami Zayn
100%
NXT TakeOver: R Evolution NXT Women's Championship Singles Match Sasha Banks
100%
NXT TakeOver: Rival NXT Women's Championship Fatal-4-Way Match Sasha Banks
100%
NXT TakeOver: Unstoppable NXT Women's Championship Singles Match Sasha Banks
100%
NXT TakeOver: Brooklyn NXT Women's Championship Singles Match Sasha Banks
100%
NXT TakeOver: Respect NXT Women's Championship 30-Minute Iron Man Match Sasha Banks
100%
NXT TakeOver: Dallas Singles Match Shinsuke Nakamura
100%
NXT TakeOver: The End Singles Match Shinsuke Nakamura
100%
NXT TakeOver: Brooklyn II NXT Championship Singles Match Shinsuke Nakamura
100%
NXT TakeOver: Toronto NXT Championship Singles Match Shinsuke Nakamura
100%
NXT TakeOver: San Antonio NXT Championship Singles Match Shinsuke Nakamura
100%
NXT TakeOver: Orlando NXT Championship Singles Match Shinsuke Nakamura
100%
NXT TakeOver: Brooklyn II NXT Tag Team Championships Tag Team Match Tommaso Ciampa
100%
NXT TakeOver: New Orleans Unsanctioned Match Tommaso Ciampa
100%
NXT TakeOver: Chicago II Chicago Street Fight Tommaso Ciampa
100%
NXT TakeOver: Brooklyn 4 NXT Championship Last Man Standing Match Tommaso Ciampa
100%
NXT TakeOver: WarGames II NXT Championship Singles Match Tommaso Ciampa
100%
NXT TakeOver NXT Championship Singles Match Adrian Neville
94%
NXT TakeOver: Fatal-4-Way NXT Championship Fatal-4-Way Match Adrian Neville
94%
NXT TakeOver: R Evolution NXT Championship Singles Match - If Challenger loses he leaves NXT Adrian Neville
94%
NXT TakeOver: Rival #1 Contenders for the NXT Championship Singles Match Adrian Neville
94%
NXT TakeOver: Orlando Singles Match Aleister Black
94%
NXT TakeOver: Chicago DARK MATCH/PRE SHOW Singles Match Aleister Black
94%
NXT TakeOver: Brooklyn III Singles Match Aleister Black
94%
NXT TakeOver: WarGames Singles Match Aleister Black
94%
NXT TakeOver: Philadelphia Extreme Rules Match Aleister Black
94%
NXT TakeOver: New Orleans NXT Championship Singles Match Aleister Black
94%
NXT TakeOver: Chicago II NXT Championship Singles Match Aleister Black
94%
NXT TakeOver: WarGames II Singles Match Aleister Black
94%
NXT TakeOver: New York NXT Tag Team Championships Tag Team Match Aleister Black
94%
NXT TakeOver: The End Singles Match Andrade Cien Almas
94%
NXT TakeOver: Brooklyn II Singles Match Andrade Cien Almas
94%
NXT TakeOver: San Antonio Singles Match Andrade Cien Almas
94%
NXT TakeOver: Orlando Singles Match Andrade Cien Almas
94%
NXT TakeOver: Brooklyn III Singles Match Andrade Cien Almas w/Zelina Vega
94%
NXT TakeOver: WarGames NXT Championship Singles Match Andrade Cien Almas w/Zelina Vega
94%
NXT TakeOver: Philadelphia NXT Championship Singles Match Andrade Cien Almas w/Zelina Vega
94%
NXT TakeOver: New Orleans NXT Championship Singles Match Andrade Cien Almas w/Zelina Vega
94%
NXT TakeOver: Respect Singles Match Asuka
94%
NXT TakeOver: London Singles Match Asuka
94%
NXT TakeOver: Dallas NXT Women's Championship Singles Match Asuka
94%
NXT TakeOver: The End NXT Women's Championship Singles Match Asuka
94%
NXT TakeOver: Brooklyn II NXT Women's Championship Singles Match Asuka
94%
NXT TakeOver: Toronto NXT Women's Championship Singles Match Asuka
94%
NXT TakeOver: San Antonio NXT Women's Championship Fatal-4-Way Match Asuka
94%
NXT TakeOver: Orlando NXT Women's Championship Singles Match Asuka
94%
NXT TakeOver: Chicago NXT Women's Championship Triple Threat Match Asuka
94%
NXT TakeOver: Brooklyn III NXT Women's Championship Singles Match Asuka
94%
NXT TakeOver: R Evolution Singles Match Kevin Owens
94%
NXT TakeOver: Rival NXT Championship Singles Match Kevin Owens
94%
NXT TakeOver: Unstoppable NXT Championship Singles Match Kevin Owens
94%
NXT TakeOver: Brooklyn NXT Championship Ladder Match Kevin Owens
94%
NXT TakeOver: Respect Dusty Rhodes Tag Team Classic Semi-Finals Tag Team Match Samoa Joe
94%
NXT TakeOver: WarGames WarGames Match Bobby Fish
89%
NXT TakeOver: Brooklyn III NXT Championship Singles Match Drew McIntyre
89%
NXT TakeOver: WarGames NXT Championship Singles Match Drew McIntyre
89%
NXT TakeOver: Fatal-4-Way Hair VS Hair Match Enzo Amore w/Colin Cassady
89%
NXT TakeOver: Unstoppable NXT Tag Team Championships Tag Team Match Enzo Amore w/Carmella
89%
NXT TakeOver: San Antonio Singles Match Eric Young w/Alexander Wolfe & Killian Dain
89%
NXT TakeOver: Orlando Eight-Person Mixed Tag Team Match Eric Young
89%
NXT TakeOver: Chicago Singles Match Eric Young w/Alexander Wolfe & Killian Dain
89%
NXT TakeOver: R Evolution Tag Team Match Finn Balor
89%
NXT TakeOver: Rival #1 Contenders for the NXT Championship Singles Match Finn Balor
89%
NXT TakeOver: Unstoppable Singles Match Finn Balor
89%
NXT TakeOver: Brooklyn NXT Championship Ladder Match Finn Balor
89%
NXT TakeOver: Respect Dusty Rhodes Tag Team Classic Semi-Finals Tag Team Match Finn Balor
89%
NXT TakeOver: Respect Dusty Rhodes Tag Team Classic Trophy Dusty Rhodes Tag Team Classic Finals Finn Balor
89%
NXT TakeOver: London NXT Championship Singles Match Finn Balor
89%
NXT TakeOver: Dallas NXT Championship Singles Match Finn Balor
89%
NXT TakeOver: The End NXT Championship Steel Cage Match Finn Balor
89%
NXT UK TakeOver: Blackpool Singles Match Finn Balor
89%
NXT TakeOver: Orlando Eight-Person Mixed Tag Team Match Killian Dain
89%
NXT TakeOver: New Orleans Inaugural NXT North American Championship Ladder Match Killian Dain
89%
NXT TakeOver NXT Tag Team Championships Tag Team Match Konnor
89%
NXT TakeOver: Fatal-4-Way NXT Tag Team Championships Tag Team Match Konnor
89%
NXT TakeOver: R Evolution Tag Team Match Konnor
89%
NXT TakeOver: WarGames WarGames Match Kyle O'Reilly
89%
NXT TakeOver (Vacant) NXT Women's Championship Singles Match Natalya w/Bret Hart
89%
NXT TakeOver: San Antonio Singles Match Roderick Strong
89%
NXT TakeOver: Orlando Eight-Person Mixed Tag Team Match Roderick Strong
89%
NXT TakeOver: Chicago Singles Match Roderick Strong
89%
NXT TakeOver: WarGames WarGames Match Roderick Strong
89%
NXT TakeOver: Philadelphia #1 Contenders for the WWE United Kingdom Championship Singles Match Roderick Strong
89%
NXT TakeOver: New Orleans Dusty Rhodes Tag Team Classic Trophy & NXT Tag Team Championships Triple Threat Tag Team Match Roderick Strong
89%
NXT TakeOver: XXV Singles Match Roderick Strong
89%
NXT TakeOver #1 Contenders for the NXT Championship Singles Match Tyler Breeze
89%
NXT TakeOver: Fatal-4-Way NXT Championship Fatal-4-Way Match Tyler Breeze
89%
NXT TakeOver: Rival Singles Match Tyler Breeze
89%
NXT TakeOver: Unstoppable Singles Match Tyler Breeze
89%
NXT TakeOver: Brooklyn Singles Match Tyler Breeze
89%
NXT TakeOver: Respect Singles Match Tyler Breeze
89%
NXT TakeOver: XXV NXT North American Championship Singles Match Tyler Breeze
89%
NXT TakeOver: Toronto II DARK MATCH/PRE SHOW Tag Team Match Tyler Breeze
89%
NXT TakeOver NXT Tag Team Championships Tag Team Match Viktor
89%
NXT TakeOver: Fatal-4-Way NXT Tag Team Championships Tag Team Match Viktor
89%
NXT TakeOver: R Evolution Tag Team Match Viktor
89%
NXT TakeOver: New York WWE United Kingdom Championship Singles Match Walter
89%
NXT TakeOver: Brooklyn II DARK MATCH/PRE SHOW Tag Team Match Akam
83%
NXT TakeOver: Toronto Dusty Rhodes Tag Team Classic Trophy Shark Cage Tag Team Match Akam w/Paul Ellering
83%
NXT TakeOver: San Antonio NXT Tag Team Championships Tag Team Match Akam w/Paul Ellering
83%
NXT TakeOver: Orlando NXT Tag Team Championships Triple Threat Elimination Tag Team Match Akam w/Paul Ellering
83%
NXT TakeOver: Chicago NXT Tag Team Championships Ladder Match Akam
83%
NXT TakeOver: Brooklyn III NXT Tag Team Championships Tag Team Match Akam w/Paul Ellering
83%
NXT TakeOver: WarGames WarGames Match Akam
83%
NXT TakeOver: Philadelphia NXT Tag Team Championships Tag Team Match Akam w/Paul Ellering
83%
NXT TakeOver: New Orleans Dusty Rhodes Tag Team Classic Trophy & NXT Tag Team Championships Triple Threat Tag Team Match Akam
83%
NXT TakeOver: Rival NXT Women's Championship Fatal-4-Way Match Becky Lynch
83%
NXT TakeOver: Unstoppable NXT Women's Championship Singles Match Becky Lynch
83%
NXT TakeOver: Brooklyn DARK MATCH/PRE SHOW Fatal-4-Way Match Becky Lynch
83%
NXT TakeOver: Brooklyn II Singles Match Billie Kay
83%
NXT TakeOver: Brooklyn II Singles Match Bobby Roode
83%
NXT TakeOver: Rival NXT Tag Team Championships Tag Team Match Buddy Murphy
83%
NXT TakeOver: Brooklyn II Singles Match Ember Moon
83%
NXT TakeOver: Toronto DARK MATCH/PRE SHOW Six-Woman Tag Team Match Ember Moon
83%
NXT TakeOver: San Antonio DARK MATCH/PRE SHOW Singles Match Ember Moon
83%
NXT TakeOver: Orlando NXT Women's Championship Singles Match Ember Moon
83%
NXT TakeOver: Brooklyn III NXT Women's Championship Singles Match Ember Moon
83%
NXT TakeOver: WarGames (Vacant) NXT Women's Championship Fatal-4-Way Match Ember Moon
83%
NXT TakeOver: Philadelphia NXT Women's Championship Singles Match Ember Moon
83%
NXT TakeOver: New Orleans NXT Women's Championship Singles Match Ember Moon
83%
NXT TakeOver: WarGames (Vacant) NXT Women's Championship Fatal-4-Way Match Kairi Sane
83%
NXT TakeOver: New Orleans DARK MATCH/PRE SHOW Singles Match Kairi Sane
83%
NXT TakeOver: Brooklyn 4 NXT Women's Championship Singles Match Kairi Sane
83%
NXT TakeOver: WarGames II NXT Women's Championship 2-Out-Of-3 Falls Match Kairi Sane
83%
NXT TakeOver: New York NXT Women's Championship Fatal-4-Way Match Kairi Sane
83%
NXT TakeOver: Chicago WWE United Kingdom Championship Singles Match Pete Dunne
83%
NXT TakeOver: Brooklyn III DARK MATCH/PRE SHOW Tag Team Match Pete Dunne
83%
NXT TakeOver: WarGames WWE United Kingdom Championship Singles Match Pete Dunne
83%
NXT TakeOver: New Orleans Dusty Rhodes Tag Team Classic Trophy & NXT Tag Team Championships Triple Threat Tag Team Match Pete Dunne
83%
NXT TakeOver: Brooklyn 4 WWE United Kingdom Championship Singles Match Pete Dunne
83%
NXT TakeOver: WarGames II WarGames Match Pete Dunne
83%
NXT UK TakeOver: Blackpool WWE United Kingdom Championship Singles Match Pete Dunne
83%
NXT TakeOver: New York WWE United Kingdom Championship Singles Match Pete Dunne
83%
NXT TakeOver: Brooklyn II DARK MATCH/PRE SHOW Tag Team Match Rezar
83%
NXT TakeOver: Toronto Dusty Rhodes Tag Team Classic Trophy Shark Cage Tag Team Match Rezar w/Paul Ellering
83%
NXT TakeOver: San Antonio NXT Tag Team Championships Tag Team Match Rezar w/Paul Ellering
83%
NXT TakeOver: Orlando NXT Tag Team Championships Triple Threat Elimination Tag Team Match Rezar w/Paul Ellering
83%
NXT TakeOver: Chicago NXT Tag Team Championships Ladder Match Rezar
83%
NXT TakeOver: Brooklyn III NXT Tag Team Championships Tag Team Match Rezar w/Paul Ellering
83%
NXT TakeOver: WarGames WarGames Match Rezar
83%
NXT TakeOver: Philadelphia NXT Tag Team Championships Tag Team Match Rezar w/Paul Ellering
83%
NXT TakeOver: New Orleans Dusty Rhodes Tag Team Classic Trophy & NXT Tag Team Championships Triple Threat Tag Team Match Rezar
83%
NXT TakeOver: San Antonio DARK MATCH/PRE SHOW Singles Match Tyler Bate
83%
NXT TakeOver: Chicago WWE United Kingdom Championship Singles Match Tyler Bate
83%
NXT TakeOver: Brooklyn III DARK MATCH/PRE SHOW Tag Team Match Tyler Bate
83%
NXT TakeOver: Philadelphia #1 Contenders for the WWE United Kingdom Championship Singles Match Tyler Bate
83%
NXT TakeOver NXT Championship Singles Match Tyson Kidd
83%
NXT TakeOver: Fatal-4-Way NXT Championship Fatal-4-Way Match Tyson Kidd
83%
NXT TakeOver: Rival NXT Tag Team Championships Tag Team Match Wesley Blake
83%
NXT TakeOver: Brooklyn II DARK MATCH/PRE SHOW Singles Match Wesley Blake
83%
NXT TakeOver: Chicago DARK MATCH/PRE SHOW Singles Match Wesley Blake
83%
NXT TakeOver: R Evolution NXT Tag Team Championships Tag Team Match Aiden English
78%
NXT TakeOver: Unstoppable NXT Tag Team Championships Tag Team Match Colin Cassady w/Carmella
78%
NXT TakeOver: Brooklyn DARK MATCH/PRE SHOW Eight Man Tag Team Match Colin Cassady
78%
NXT TakeOver: Chicago DARK MATCH/PRE SHOW Singles Match Drew McIntyre
78%
NXT TakeOver: New York NXT Women's Championship Fatal-4-Way Match Io Shirai
78%
NXT TakeOver: XXV NXT Women's Championship Singles Match Io Shirai
78%
NXT TakeOver: Toronto II Singles Match Io Shirai
78%
NXT TakeOver: Brooklyn DARK MATCH/PRE SHOW Eight Man Tag Team Match Jason Jordan
78%
NXT TakeOver: Fatal-4-Way NXT Tag Team Championships Tag Team Match Kalisto
78%
NXT TakeOver: R Evolution NXT Tag Team Championships Tag Team Match Kalisto
78%
NXT TakeOver: Rival NXT Tag Team Championships Tag Team Match Kalisto
78%
NXT TakeOver: WarGames II DARK MATCH/PRE SHOW Singles Match Keith Lee
78%
NXT TakeOver: XXV DARK MATCH/PRE SHOW Singles Match Keith Lee
78%
NXT TakeOver: London NXT Women's Championship Singles Match Nia Jax
78%
NXT TakeOver: The End NXT Women's Championship Singles Match Nia Jax
78%
NXT TakeOver: San Antonio NXT Women's Championship Fatal-4-Way Match Nikki Cross
78%
NXT TakeOver: Unstoppable Tag Team Match Scott Dawson
78%
NXT TakeOver: R Evolution NXT Tag Team Championships Tag Team Match Simon Gotch
78%
NXT TakeOver: Fatal-4-Way NXT Tag Team Championships Tag Team Match Sin Cara
78%
NXT TakeOver: R Evolution NXT Tag Team Championships Tag Team Match Sin Cara
78%
NXT TakeOver: Rival NXT Tag Team Championships Tag Team Match Sin Cara
78%
NXT TakeOver: Chicago DARK MATCH/PRE SHOW Singles Match Velveteen Dream
78%
NXT TakeOver: WarGames Singles Match Velveteen Dream
78%
NXT TakeOver: Fatal-4-Way Singles Match Baron Corbin
72%
NXT TakeOver: R Evolution Singles Match Baron Corbin
72%
NXT TakeOver: Rival No Disqualification Match Baron Corbin
72%
NXT TakeOver: Brooklyn DARK MATCH/PRE SHOW Eight Man Tag Team Match Chad Gable
72%
NXT TakeOver: Unstoppable Tag Team Match Emma
72%
NXT TakeOver: Brooklyn DARK MATCH/PRE SHOW Fatal-4-Way Match Emma
72%
NXT TakeOver: London Singles Match Emma w/Dana Brooke
72%
NXT TakeOver: Brooklyn DARK MATCH/PRE SHOW Eight Man Tag Team Match Enzo Amore
72%
NXT TakeOver: London NXT Tag Team Championships Tag Team Match Enzo Amore w/Carmella
72%
NXT TakeOver: Toronto II DARK MATCH/PRE SHOW Tag Team Match Fandango
72%
NXT TakeOver: Chicago II DARK MATCH/PRE SHOW Tag Team Match Hanson
72%
NXT TakeOver: WarGames II WarGames Match Hanson
72%
NXT TakeOver: New York NXT Tag Team Championships Tag Team Match Hanson
72%
NXT TakeOver: R Evolution Tag Team Match Hideo Itami
72%
NXT TakeOver NXT Tag Team Championships Tag Team Match Kalisto
72%
NXT UK TakeOver: Blackpool NXT UK Women's Championship Singles Match Rhea Ripley
72%
NXT TakeOver: New Orleans Inaugural NXT North American Championship Ladder Match Ricochet
72%
NXT TakeOver: Chicago II Singles Match Ricochet
72%
NXT TakeOver: Brooklyn 4 NXT North American Championship Singles Match Ricochet
72%
NXT TakeOver: WarGames II WarGames Match Ricochet
72%
NXT TakeOver: New York NXT Tag Team Championships Tag Team Match Ricochet
72%
NXT TakeOver: Chicago II DARK MATCH/PRE SHOW Tag Team Match Rowe
72%
NXT TakeOver: WarGames II WarGames Match Rowe
72%
NXT TakeOver: New York NXT Tag Team Championships Tag Team Match Rowe
72%
NXT TakeOver: Philadelphia NXT Women's Championship Singles Match Shayna Baszler
72%
NXT TakeOver: New Orleans NXT Women's Championship Singles Match Shayna Baszler
72%
NXT TakeOver: Chicago II NXT Women's Championship Singles Match Shayna Baszler
72%
NXT TakeOver: Brooklyn 4 NXT Women's Championship Singles Match Shayna Baszler
72%
NXT TakeOver: WarGames II NXT Women's Championship 2-Out-Of-3 Falls Match Shayna Baszler
72%
NXT TakeOver: New York NXT Women's Championship Fatal-4-Way Match Shayna Baszler
72%
NXT TakeOver: XXV NXT Women's Championship Singles Match Shayna Baszler
72%
NXT TakeOver: Orlando Eight-Person Mixed Tag Team Match Alexander Wolfe
67%
NXT TakeOver: Brooklyn III NXT Tag Team Championships Tag Team Match Alexander Wolfe w/Killian Dain & Nikki Cross
67%
NXT TakeOver: WarGames WarGames Match Alexander Wolfe
67%
NXT TakeOver: London NXT Tag Team Championships Tag Team Match Colin Cassady w/Carmella
67%
NXT TakeOver: Chicago II DARK MATCH/PRE SHOW Singles Match Dakota Kai
67%
NXT TakeOver: Brooklyn III DARK MATCH/PRE SHOW Singles Match Peyton Royce w/Billie Kay
67%
NXT TakeOver: WarGames (Vacant) NXT Women's Championship Fatal-4-Way Match Peyton Royce
67%
NXT TakeOver: Brooklyn DARK MATCH/PRE SHOW Eight Man Tag Team Match Scott Dawson
67%
NXT TakeOver: Respect Dusty Rhodes Tag Team Classic Semi-Finals Tag Team Match Scott Dawson
67%
NXT TakeOver: London NXT Tag Team Championships Tag Team Match Scott Dawson
67%
NXT TakeOver: Dallas NXT Tag Team Championships Tag Team Match Scott Dawson
67%
NXT TakeOver: The End NXT Tag Team Championships Tag Team Match Scott Dawson
67%
NXT TakeOver: Brooklyn II NXT Tag Team Championships Tag Team Match Scott Dawson
67%
NXT TakeOver: Toronto NXT Tag Team Championships 2-out-of-3 Falls Tag Team Match Scott Dawson
67%
NXT TakeOver: Orlando NXT Tag Team Championships Triple Threat Elimination Tag Team Match Scott Dawson
67%
NXT TakeOver: New Orleans Dusty Rhodes Tag Team Classic Trophy & NXT Tag Team Championships Triple Threat Tag Team Match Adam Cole
61%
NXT TakeOver: WarGames II WarGames Match Adam Cole
61%
NXT TakeOver: Toronto Singles Match Bobby Roode
61%
NXT TakeOver: San Antonio NXT Championship Singles Match Bobby Roode
61%
NXT TakeOver: Orlando NXT Championship Singles Match Bobby Roode
61%
NXT TakeOver: Chicago NXT Championship Singles Match Bobby Roode
61%
NXT TakeOver: Brooklyn III NXT Championship Singles Match Bobby Roode
61%
NXT TakeOver: Unstoppable Tag Team Match Dash Wilder
61%
NXT TakeOver: Brooklyn DARK MATCH/PRE SHOW Eight Man Tag Team Match Dash Wilder
61%
NXT TakeOver: Respect Dusty Rhodes Tag Team Classic Semi-Finals Tag Team Match Dash Wilder
61%
NXT TakeOver: London NXT Tag Team Championships Tag Team Match Dash Wilder
61%
NXT TakeOver: Dallas NXT Tag Team Championships Tag Team Match Dash Wilder
61%
NXT TakeOver: The End NXT Tag Team Championships Tag Team Match Dash Wilder
61%
NXT TakeOver: Brooklyn II NXT Tag Team Championships Tag Team Match Dash Wilder
61%
NXT TakeOver: Toronto NXT Tag Team Championships 2-out-of-3 Falls Tag Team Match Dash Wilder
61%
NXT TakeOver: Orlando NXT Tag Team Championships Triple Threat Elimination Tag Team Match Dash Wilder
61%
NXT TakeOver: Brooklyn III NXT Tag Team Championships Tag Team Match Eric Young w/Killian Dain & Nikki Cross
61%
NXT TakeOver: WarGames WarGames Match Eric Young
61%
NXT TakeOver: Toronto NXT Tag Team Championships 2-out-of-3 Falls Tag Team Match Johnny Gargano
61%
NXT TakeOver: San Antonio NXT Tag Team Championships Tag Team Match Johnny Gargano
61%
NXT TakeOver: Orlando NXT Tag Team Championships Triple Threat Elimination Tag Team Match Johnny Gargano
61%
NXT TakeOver: Chicago NXT Tag Team Championships Ladder Match Johnny Gargano
61%
NXT TakeOver: WarGames Singles Match Lars Sullivan
61%
NXT TakeOver: New Orleans Inaugural NXT North American Championship Ladder Match Lars Sullivan
61%
NXT TakeOver: Chicago II NXT Championship Singles Match Lars Sullivan
61%
NXT TakeOver: WarGames II DARK MATCH/PRE SHOW Singles Match Lars Sullivan
61%
NXT TakeOver: WarGames II Singles Match Matt Riddle
61%
NXT TakeOver: New York NXT North American Championship Singles Match Matt Riddle
61%
NXT TakeOver: XXV Singles Match Matt Riddle
61%
NXT TakeOver: Brooklyn Singles Match Samoa Joe
61%
NXT TakeOver: Respect Dusty Rhodes Tag Team Classic Trophy Dusty Rhodes Tag Team Classic Finals Samoa Joe
61%
NXT TakeOver: London NXT Championship Singles Match Samoa Joe
61%
NXT TakeOver: Dallas NXT Championship Singles Match Samoa Joe
61%
NXT TakeOver: The End NXT Championship Steel Cage Match Samoa Joe
61%
NXT TakeOver: Brooklyn II NXT Championship Singles Match Samoa Joe
61%
NXT TakeOver: Toronto NXT Championship Singles Match Samoa Joe
61%
NXT TakeOver: Brooklyn III DARK MATCH/PRE SHOW Tag Team Match Trent Seven
61%
NXT TakeOver: Philadelphia NXT Tag Team Championships Tag Team Match Bobby Fish
56%
NXT TakeOver: WarGames II WarGames Match Bobby Fish
56%
NXT TakeOver: XXV (Vacant) NXT Tag Team Championships Ladder Match Bobby Fish
56%
NXT TakeOver: Toronto II NXT Tag Team Championships Tag Team Match Bobby Fish
56%
NXT TakeOver: Brooklyn DARK MATCH/PRE SHOW Singles Match Carmella
56%
NXT TakeOver: Unstoppable Tag Team Match Dana Brooke
56%
NXT TakeOver: Brooklyn DARK MATCH/PRE SHOW Fatal-4-Way Match Dana Brooke
56%
NXT TakeOver: Respect Singles Match Dana Brooke w/Emma
56%
NXT TakeOver: Respect Dusty Rhodes Tag Team Classic Semi-Finals Tag Team Match Jason Jordan
56%
NXT TakeOver: London DARK MATCH/PRE SHOW Fatal-4-Way Tag Team Match Jason Jordan
56%
NXT TakeOver: Dallas NXT Tag Team Championships Tag Team Match Jason Jordan
56%
NXT TakeOver: The End NXT Tag Team Championships Tag Team Match Jason Jordan
56%
NXT TakeOver: WarGames WarGames Match Killian Dain
56%
NXT TakeOver: Philadelphia NXT Tag Team Championships Tag Team Match Kyle O'Reilly
56%
NXT TakeOver: New Orleans Dusty Rhodes Tag Team Classic Trophy & NXT Tag Team Championships Triple Threat Tag Team Match Kyle O'Reilly
56%
NXT TakeOver: Chicago II NXT Tag Team Championships Tag Team Match Kyle O'Reilly w/Adam Cole
56%
NXT TakeOver: Brooklyn 4 NXT Tag Team Championships Tag Team Match Kyle O'Reilly
56%
NXT TakeOver: WarGames II WarGames Match Kyle O'Reilly
56%
NXT TakeOver: XXV (Vacant) NXT Tag Team Championships Ladder Match Kyle O'Reilly
56%
NXT TakeOver: Toronto II NXT Tag Team Championships Tag Team Match Kyle O'Reilly
56%
NXT TakeOver: Chicago II NXT Tag Team Championships Tag Team Match Roderick Strong w/Adam Cole
56%
NXT TakeOver: Brooklyn 4 NXT Tag Team Championships Tag Team Match Roderick Strong
56%
NXT TakeOver: WarGames II WarGames Match Roderick Strong
56%
NXT TakeOver: Toronto NXT Tag Team Championships 2-out-of-3 Falls Tag Team Match Tommaso Ciampa
56%
NXT TakeOver: San Antonio NXT Tag Team Championships Tag Team Match Tommaso Ciampa
56%
NXT TakeOver: Orlando NXT Tag Team Championships Triple Threat Elimination Tag Team Match Tommaso Ciampa
56%
NXT TakeOver: Chicago NXT Tag Team Championships Ladder Match Tommaso Ciampa
56%
NXT TakeOver: Philadelphia Singles Match Velveteen Dream
56%
NXT TakeOver: New Orleans Inaugural NXT North American Championship Ladder Match Velveteen Dream
56%
NXT TakeOver: Chicago II Singles Match Velveteen Dream
56%
NXT TakeOver: Brooklyn 4 Singles Match Velveteen Dream
56%
NXT TakeOver: WarGames II NXT Championship Singles Match Velveteen Dream
56%
NXT TakeOver: New York NXT North American Championship Singles Match Velveteen Dream
56%
NXT TakeOver: XXV NXT North American Championship Singles Match Velveteen Dream
56%
NXT TakeOver: New York DARK MATCH/PRE SHOW Tag Team Match Angelo Dawkins
50%
NXT TakeOver: XXV (Vacant) NXT Tag Team Championships Ladder Match Angelo Dawkins
50%
NXT TakeOver: Toronto II NXT Tag Team Championships Tag Team Match Angelo Dawkins
50%
NXT TakeOver: Chicago II DARK MATCH/PRE SHOW Singles Match Bianca Belair
50%
NXT TakeOver: Brooklyn 4 DARK MATCH/PRE SHOW Singles Match Bianca Belair
50%
NXT TakeOver: New York NXT Women's Championship Fatal-4-Way Match Bianca Belair
50%
NXT TakeOver: XXV DARK MATCH/PRE SHOW Singles Match Bianca Belair
50%
NXT TakeOver: WarGames II DARK MATCH/PRE SHOW Singles Match Candice LeRae
50%
NXT TakeOver: New York DARK MATCH/PRE SHOW Singles Match Candice LeRae
50%
NXT TakeOver: Toronto II Singles Match Candice LeRae
50%
NXT TakeOver: Respect Dusty Rhodes Tag Team Classic Semi-Finals Tag Team Match Chad Gable
50%
NXT TakeOver: London DARK MATCH/PRE SHOW Fatal-4-Way Tag Team Match Chad Gable
50%
NXT TakeOver: Dallas NXT Tag Team Championships Tag Team Match Chad Gable
50%
NXT TakeOver: The End NXT Tag Team Championships Tag Team Match Chad Gable
50%
NXT TakeOver: Chicago II NXT Tag Team Championships Tag Team Match Danny Burch
50%
NXT TakeOver: New York DARK MATCH/PRE SHOW Singles Match Danny Burch
50%
NXT TakeOver: XXV (Vacant) NXT Tag Team Championships Ladder Match Danny Burch
50%
NXT TakeOver: Brooklyn Singles Match Jushin Thunder Liger
50%
NXT TakeOver: Toronto DARK MATCH/PRE SHOW Six-Woman Tag Team Match Liv Morgan
50%
NXT TakeOver: New York DARK MATCH/PRE SHOW Tag Team Match Montez Ford
50%
NXT TakeOver: XXV (Vacant) NXT Tag Team Championships Ladder Match Montez Ford
50%
NXT TakeOver: Toronto II NXT Tag Team Championships Tag Team Match Montez Ford
50%
NXT TakeOver: Orlando Eight-Person Mixed Tag Team Match Nikki Cross
50%
NXT TakeOver: San Antonio DARK MATCH/PRE SHOW Singles Match Oney Lorcan
50%
NXT TakeOver: Orlando DARK MATCH/PRE SHOW Singles Match Oney Lorcan
50%
NXT TakeOver: Chicago II NXT Tag Team Championships Tag Team Match Oney Lorcan
50%
NXT TakeOver: XXV (Vacant) NXT Tag Team Championships Ladder Match Oney Lorcan
50%
NXT TakeOver: Unstoppable Singles Match Rhyno
50%
NXT TakeOver: Respect Dusty Rhodes Tag Team Classic Semi-Finals Tag Team Match Rhyno
50%
NXT TakeOver: Respect Dusty Rhodes Tag Team Classic Trophy Dusty Rhodes Tag Team Classic Finals Rhyno
50%
NXT TakeOver: Unstoppable Tag Team Match Aiden English
44%
NXT TakeOver: Brooklyn NXT Tag Team Championships Tag Team Match Aiden English w/Blue Pants
44%
NXT TakeOver: London DARK MATCH/PRE SHOW Fatal-4-Way Tag Team Match Aiden English
44%
NXT TakeOver: Toronto DARK MATCH/PRE SHOW Six-Woman Tag Team Match Billie Kay
44%
NXT TakeOver: San Antonio NXT Women's Championship Fatal-4-Way Match Billie Kay
44%
NXT TakeOver: New Orleans Inaugural NXT North American Championship Ladder Match EC3
44%
NXT TakeOver: Brooklyn 4 Singles Match EC3
44%
NXT UK TakeOver: Blackpool WWE United Kingdom Championship Singles Match Joe Coffey
44%
NXT UK TakeOver: Blackpool Singles Match Jordan Devlin
44%
NXT TakeOver: Chicago NXT Women's Championship Triple Threat Match Nikki Cross
44%
NXT TakeOver: WarGames (Vacant) NXT Women's Championship Fatal-4-Way Match Nikki Cross
44%
NXT TakeOver: Philadelphia DARK MATCH/PRE SHOW Singles Match Nikki Cross
44%
NXT TakeOver: Chicago II NXT Women's Championship Singles Match Nikki Cross
44%
NXT TakeOver: WarGames II DARK MATCH/PRE SHOW Singles Match Nikki Cross
44%
NXT TakeOver: Toronto DARK MATCH/PRE SHOW Six-Woman Tag Team Match Peyton Royce
44%
NXT TakeOver: San Antonio NXT Women's Championship Fatal-4-Way Match Peyton Royce
44%
NXT TakeOver: Orlando DARK MATCH/PRE SHOW Singles Match Peyton Royce w/Billie Kay
44%
NXT TakeOver: Unstoppable Tag Team Match Simon Gotch
44%
NXT TakeOver: Brooklyn NXT Tag Team Championships Tag Team Match Simon Gotch w/Blue Pants
44%
NXT TakeOver: London DARK MATCH/PRE SHOW Fatal-4-Way Tag Team Match Simon Gotch
44%
NXT TakeOver: XXV (Vacant) NXT Tag Team Championships Ladder Match Steve Cutler w/Jaxson Ryker
44%
NXT TakeOver: Toronto II DARK MATCH/PRE SHOW Tag Team Match Steve Cutler
44%
NXT UK TakeOver: Blackpool NXT UK Women's Championship Singles Match Toni Storm
44%
NXT TakeOver: Brooklyn 4 NXT Tag Team Championships Tag Team Match Tyler Bate
44%
NXT UK TakeOver: Blackpool NXT UK Tag Team Championship Tournament Final Tag Team Match Tyler Bate
44%
NXT TakeOver: Unstoppable NXT Tag Team Championships Tag Team Match Wesley Blake
44%
NXT TakeOver: Brooklyn NXT Tag Team Championships Tag Team Match Wesley Blake w/Alexa Bliss
44%
NXT TakeOver: London DARK MATCH/PRE SHOW Fatal-4-Way Tag Team Match Wesley Blake w/Alexa Bliss
44%
NXT TakeOver: XXV (Vacant) NXT Tag Team Championships Ladder Match Wesley Blake w/Jaxson Ryker
44%
NXT TakeOver: Toronto II DARK MATCH/PRE SHOW Tag Team Match Wesley Blake
44%
NXT TakeOver Singles Match Adam Rose
39%
NXT TakeOver: Unstoppable Singles Match Baron Corbin
39%
NXT TakeOver: Brooklyn Singles Match Baron Corbin
39%
NXT TakeOver: Respect Dusty Rhodes Tag Team Classic Semi-Finals Tag Team Match Baron Corbin
39%
NXT TakeOver: Respect Dusty Rhodes Tag Team Classic Trophy Dusty Rhodes Tag Team Classic Finals Baron Corbin
39%
NXT TakeOver: London Singles Match Baron Corbin
39%
NXT TakeOver: Dallas Singles Match Baron Corbin
39%
NXT TakeOver: Unstoppable NXT Tag Team Championships Tag Team Match Buddy Murphy
39%
NXT TakeOver: Brooklyn NXT Tag Team Championships Tag Team Match Buddy Murphy w/Alexa Bliss
39%
NXT TakeOver: London DARK MATCH/PRE SHOW Fatal-4-Way Tag Team Match Buddy Murphy w/Alexa Bliss
39%
NXT TakeOver: Fatal-4-Way Singles Match Bull Dempsey
39%
NXT TakeOver: Rival No Disqualification Match Bull Dempsey
39%
NXT TakeOver: Brooklyn DARK MATCH/PRE SHOW Singles Match Bull Dempsey
39%
NXT TakeOver: London DARK MATCH/PRE SHOW Singles Match Bull Dempsey
39%
NXT TakeOver: Fatal-4-Way Singles Match CJ Parker
39%
NXT TakeOver: R Evolution Singles Match CJ Parker
39%
NXT UK TakeOver: Blackpool DARK MATCH/PRE SHOW Tag Team Match Fabian Aichner
39%
NXT TakeOver: New York DARK MATCH/PRE SHOW Singles Match Jaxson Ryker
39%
NXT TakeOver: Orlando Eight-Person Mixed Tag Team Match Kassius Ohno
39%
NXT UK TakeOver: Blackpool DARK MATCH/PRE SHOW Tag Team Match Marcel Barthel
39%
NXT TakeOver: Orlando Eight-Person Mixed Tag Team Match Ruby Riott
39%
NXT TakeOver: Brooklyn 4 WWE United Kingdom Championship Singles Match Zack Gibson
39%
NXT UK TakeOver: Blackpool NXT UK Tag Team Championship Tournament Final Tag Team Match Zack Gibson
39%
NXT TakeOver: Brooklyn Singles Match Apollo Crews
33%
NXT TakeOver: Dallas Singles Match Austin Aries
33%
NXT TakeOver: The End Singles Match Austin Aries
33%
NXT TakeOver: Brooklyn II Singles Match Austin Aries
33%
NXT TakeOver: Brooklyn DARK MATCH/PRE SHOW Singles Match Elias Samson
33%
NXT TakeOver: London DARK MATCH/PRE SHOW Singles Match Elias Samson
33%
NXT TakeOver: San Antonio DARK MATCH/PRE SHOW Singles Match Elias Samson
33%
NXT TakeOver: Orlando DARK MATCH/PRE SHOW Singles Match El Vagabundo
33%
NXT UK TakeOver: Blackpool DARK MATCH/PRE SHOW Tag Team Match Flash Morgan Webster
33%
NXT TakeOver: Rival Singles Match Hideo Itami
33%
NXT TakeOver: Chicago NXT Championship Singles Match Hideo Itami
33%
NXT TakeOver: Brooklyn III Singles Match Hideo Itami
33%
NXT UK TakeOver: Blackpool NXT UK Tag Team Championship Tournament Final Tag Team Match James Drake
33%
NXT UK TakeOver: Blackpool DARK MATCH/PRE SHOW Tag Team Match Mark Andrews
33%
NXT TakeOver: XXV DARK MATCH/PRE SHOW Singles Match Mia Yim
33%
NXT TakeOver: Toronto NXT Women's Championship Singles Match Mickie James
33%
NXT TakeOver: Orlando DARK MATCH/PRE SHOW Tag Team Match Otis Dozovic
33%
NXT TakeOver: New Orleans DARK MATCH/PRE SHOW Tag Team Match Otis Dozovic
33%
NXT TakeOver: Brooklyn 4 NXT Tag Team Championships Tag Team Match Trent Seven
33%
NXT UK TakeOver: Blackpool NXT UK Tag Team Championship Tournament Final Tag Team Match Trent Seven
33%
NXT TakeOver: R Evolution Singles Match Tye Dillinger
33%
NXT TakeOver: Brooklyn Singles Match Tye Dillinger
33%
NXT TakeOver: London DARK MATCH/PRE SHOW Singles Match Tye Dillinger
33%
NXT TakeOver: Fatal-4-Way Singles Match Mojo Rawley
28%
NXT TakeOver: Chicago NXT Women's Championship Triple Threat Match Ruby Riott
28%
NXT TakeOver: WarGames DARK MATCH/PRE SHOW Singles Match Ruby Riott
28%
NXT TakeOver: Brooklyn III DARK MATCH/PRE SHOW Singles Match Sarah Logan
28%
NXT TakeOver: Toronto DARK MATCH/PRE SHOW Six-Woman Tag Team Match Sonya Deville
28%
NXT TakeOver: WarGames DARK MATCH/PRE SHOW Singles Match Sonya Deville
28%
NXT TakeOver: Brooklyn III DARK MATCH/PRE SHOW Tag Team Match Wolfgang
28%
NXT TakeOver: Toronto DARK MATCH/PRE SHOW Six-Woman Tag Team Match Aliyah
22%
NXT TakeOver: San Antonio DARK MATCH/PRE SHOW Singles Match Aliyah
22%
NXT TakeOver: Orlando DARK MATCH/PRE SHOW Singles Match Aliyah
22%
NXT TakeOver: New York DARK MATCH/PRE SHOW Singles Match Aliyah
22%
NXT TakeOver NXT Tag Team Championships Tag Team Match El Local
22%
NXT TakeOver: Brooklyn DARK MATCH/PRE SHOW Singles Match Eva Marie
22%
NXT TakeOver: Brooklyn II DARK MATCH/PRE SHOW Tag Team Match Nick Miller
22%
NXT TakeOver: Toronto Dusty Rhodes Tag Team Classic Trophy Shark Cage Tag Team Match Nick Miller
22%
NXT TakeOver: Philadelphia DARK MATCH/PRE SHOW Tag Team Match Nick Miller
22%
NXT TakeOver: Chicago II DARK MATCH/PRE SHOW Tag Team Match Nick Miller
22%
NXT TakeOver: Brooklyn II DARK MATCH/PRE SHOW Tag Team Match Shane Thorne
22%
NXT TakeOver: Toronto Dusty Rhodes Tag Team Classic Trophy Shark Cage Tag Team Match Shane Thorne
22%
NXT TakeOver: Philadelphia DARK MATCH/PRE SHOW Tag Team Match Shane Thorne
22%
NXT TakeOver: Chicago II DARK MATCH/PRE SHOW Tag Team Match Shane Thorne
22%
NXT TakeOver: Fatal-4-Way Hair VS Hair Match Sylvester Lefort w/Marcus Louis
22%
NXT TakeOver: New York DARK MATCH/PRE SHOW Tag Team Match Fabian Aichner
17%
NXT TakeOver: WarGames Singles Match Kassius Ohno
17%
NXT TakeOver: Philadelphia Singles Match Kassius Ohno
17%
NXT TakeOver: WarGames II Singles Match Kassius Ohno
17%
NXT TakeOver: Toronto DARK MATCH/PRE SHOW Singles Match Kona Reeves
17%
NXT TakeOver: XXV DARK MATCH/PRE SHOW Singles Match Kona Reeves
17%
NXT TakeOver: New York DARK MATCH/PRE SHOW Tag Team Match Marcel Barthel
17%
NXT TakeOver: Brooklyn DARK MATCH/PRE SHOW Eight Man Tag Team Match Mojo Rawley
17%
NXT TakeOver: London DARK MATCH/PRE SHOW Fatal-4-Way Tag Team Match Mojo Rawley
17%
NXT TakeOver: Brooklyn II Singles Match No Way Jose
17%
NXT TakeOver: San Antonio DARK MATCH/PRE SHOW Singles Match No Way Jose
17%
NXT TakeOver: Orlando DARK MATCH/PRE SHOW Tag Team Match Tucker Knight
17%
NXT TakeOver: New Orleans DARK MATCH/PRE SHOW Tag Team Match Tucker Knight
17%
NXT TakeOver: The End Singles Match Tye Dillinger
17%
NXT TakeOver: Brooklyn II DARK MATCH/PRE SHOW Singles Match Tye Dillinger
17%
NXT TakeOver: Toronto Singles Match Tye Dillinger
17%
NXT TakeOver: San Antonio Singles Match Tye Dillinger
17%
NXT TakeOver: Orlando Eight-Person Mixed Tag Team Match Tye Dillinger
17%
NXT TakeOver: Respect Singles Match Apollo Crews
11%
NXT TakeOver: London Singles Match Apollo Crews
11%
NXT TakeOver: Chicago DARK MATCH/PRE SHOW Singles Match Curt Hawkins
11%
NXT UK TakeOver: Blackpool No Disqualification Match Dave Mastiff
11%
NXT UK TakeOver: Blackpool No Disqualification Match Eddie Dennis
11%
NXT UK TakeOver: Blackpool DARK MATCH/PRE SHOW Singles Match Isla Dawn
11%
NXT UK TakeOver: Blackpool DARK MATCH/PRE SHOW Singles Match Jinny
11%
NXT TakeOver: Toronto II NXT Breakout Tournament Final Singles Match Jordan Myles
11%
NXT TakeOver: Philadelphia DARK MATCH/PRE SHOW Singles Match Lacey Evans
11%
NXT TakeOver: New Orleans DARK MATCH/PRE SHOW Singles Match Lacey Evans
11%
NXT TakeOver: Toronto DARK MATCH/PRE SHOW Singles Match Rich Swann
11%
NXT TakeOver: New Orleans DARK MATCH/PRE SHOW Tag Team Match Riddick Moss
11%
NXT TakeOver Singles Match Camacho
6%
NXT TakeOver: Toronto II NXT Breakout Tournament Final Singles Match Cameron Grimes
6%
NXT TakeOver: Brooklyn 4 DARK MATCH/PRE SHOW Singles Match Deonna Purrazzo
6%
NXT TakeOver: WarGames II DARK MATCH/PRE SHOW Singles Match Fidel Bravo
6%
NXT TakeOver: Philadelphia DARK MATCH/PRE SHOW Tag Team Match Gabriel Ealy
6%
NXT TakeOver: WarGames II DARK MATCH/PRE SHOW Singles Match Keita Murray
6%
NXT UK TakeOver: Blackpool DARK MATCH/PRE SHOW Singles Match Ligero
6%
NXT TakeOver: Chicago DARK MATCH/PRE SHOW Singles Match Robert Anthony
6%
NXT UK TakeOver: Blackpool DARK MATCH/PRE SHOW Singles Match Saxon Huxley
6%
NXT TakeOver: New Orleans DARK MATCH/PRE SHOW Tag Team Match Tino Sabbatelli
6%
NXT TakeOver: Philadelphia DARK MATCH/PRE SHOW Tag Team Match Uriel Ealy
6%
NXT TakeOver: Brooklyn DARK MATCH/PRE SHOW Eight Man Tag Team Match Zack Ryder
6%
NXT TakeOver: London DARK MATCH/PRE SHOW Fatal-4-Way Tag Team Match Zack Ryder
6%
NXT TakeOver: Orlando DARK MATCH/PRE SHOW Tag Team Match Gurv Shira
0%
NXT TakeOver: Orlando DARK MATCH/PRE SHOW Tag Team Match Harv Shira
0%
No matching quizzes found
Score Distribution
Percent of People with Each Score
Percentile by Number Answered
Your Score History
You have not taken this quiz